Countries of the Americas With No Repeating Vowels Quiz Stats

 Plays Quiz Updated Dec 2, 2017

Challenge
Share
Tweet
Embed
Score 0/8 Timer 02:00
14 Plays Today
Country % Correct
Mexico
93.4%
Brazil
91.1%
Chile
88.2%
Peru
87.2%
Cuba
82.7%
Ecuador
72%
Honduras
67%
Suriname
66.6%

You're not logged in!

Compare scores with friends on all Sporcle quizzes.
OR
Log In

You Might Also Like...

Show Comments

Extras

Top Quizzes Today


Score Distribution

Your Account Isn't Verified!

In order to create a playlist on Sporcle, you need to verify the email address you used during registration. Go to your Sporcle Settings to finish the process.

Report this User

Report this user for behavior that violates our Community Guidelines.

Details: